000 00619nam a2200229Ia 4500
003 OSt
005 20220918214232.0
006 a|||||r|||| 00| 0
007 ta
008 220917b |||||||| |||| 00| 0 eng d
024 _a136,425
037 _cTextual
040 _aARTS
_cARTS
_beng
041 _2eng
_aeng
082 _aX8:95851, L8
100 _aIllich Ivan
_9130360
245 0 _aRight to useful unemployment and its professional enemies
260 _aLondon
_bmarion Boyare
_c1978
650 _aECONOMICS
942 _hX8:95851, L8
_cTEXL
_2CC
999 _c259515
_d259515